|
|
|
|
| LEADER |
00000nam0a2200000 4500 |
| 001 |
277523 |
| 005 |
20231101235026.0 |
| 035 |
|
|
|a (RuTPU)RU\TPU\book\300798
|
| 090 |
|
|
|a 277523
|
| 100 |
|
|
|a 20141203d1985 k y0rusy5003 ca
|
| 101 |
0 |
|
|a rus
|
| 102 |
|
|
|a RU
|
| 105 |
|
|
|a a z 001zy
|
| 200 |
1 |
|
|a Комплексная переработка твердых горючих ископаемых
|e сборник научных трудов ИГИ
|f Комплексный научно-исследовательский и проектно-конструкторский институт обогащения твердых горючих ископаемых ; гл. ред. А.А. Кричко
|
| 210 |
|
|
|a Москва
|c Изд-во ИОТТ
|d 1985
|
| 215 |
|
|
|a 152 с.
|c ил.
|d 22 см
|
| 320 |
|
|
|a Библиогр. в конце статей
|
| 606 |
1 |
|
|a Горючие ископаемые твердые
|x Переработка комплексная
|2 stltpush
|3 (RuTPU)RU\TPU\subj\33179
|9 55490
|
| 610 |
1 |
|
|a восстановительная деструкция
|
| 610 |
1 |
|
|a угольная сырьевая база
|
| 610 |
1 |
|
|a уголь
|
| 610 |
1 |
|
|a угли
|
| 610 |
1 |
|
|a окислительная деструкция
|
| 610 |
1 |
|
|a процессы
|
| 610 |
1 |
|
|a отходы
|
| 610 |
1 |
|
|a утилизация
|
| 610 |
1 |
|
|a окружающая среда
|
| 610 |
1 |
|
|a охрана
|
| 675 |
|
|
|a 662.73/.74
|z rus
|v 4
|
| 702 |
|
1 |
|a Кричко
|b А.А.
|g Андрей Анатольевич
|4 651
|
| 712 |
0 |
2 |
|a Комплексный научно-исследовательский и проектно-конструкторский институт обогащения твердых горючих ископаемых
|2 stltpush
|3 (RuTPU)RU\TPU\col\9866
|
| 801 |
|
0 |
|a RU
|b RuMRKP
|c 19960704
|g psbo
|
| 801 |
|
1 |
|a RU
|b 63413507
|c 20141203
|
| 801 |
|
2 |
|a RU
|b 63413507
|c 20170406
|g RCR
|
| 942 |
|
|
|c BK
|